On the interlinkage of land, labour and credit relations in agriculture : (Record no. 17555)
[ view plain ]
| 000 -LEADER | |
|---|---|
| fixed length control field | 00507nam a2200157Ia 4500 |
| 082 ## - DEWEY DECIMAL CLASSIFICATION NUMBER | |
| Classification number | RR.0083 |
| 100 ## - MAIN ENTRY--AUTHOR NAME | |
| Personal name | Rudra, Ashok |
| 245 #0 - TITLE STATEMENT | |
| Title | On the interlinkage of land, labour and credit relations in agriculture : |
| Sub Title | An analysis of village survey data in East India |
| 260 ## - PUBLICATION, DISTRIBUTION, ETC. (IMPRINT) | |
| Year of publication | 0 |
| Name of publisher | ICSSR, New Delhi |
| 300 ## - PHYSICAL DESCRIPTION | |
| Number of Pages | 37+10p. |
| 650 ## - SUBJECT ADDED ENTRY--TOPICAL TERM | |
| Topical Term | AGRICULTURAL LABOURERS - INDIA |
| 650 ## - SUBJECT ADDED ENTRY--TOPICAL TERM | |
| Topical Term | AGRICULTURAL CREDIT - INDIA |
| 650 ## - SUBJECT ADDED ENTRY--TOPICAL TERM | |
| Topical Term | LAND - INDIA |
| 710 ## - ADDED ENTRY--CORPORATE NAME | |
| Corporate name or jurisdiction name as entry element | Indian Statistical Institute, Calcutta |
| 942 ## - ADDED ENTRY ELEMENTS (KOHA) | |
| Koha item type | Research Reports |
| Source of classification or shelving scheme | Dewey Decimal Classification |
| Withdrawn status | Lost status | Damaged status | Not for loan | Home library | Current library | Date acquired | Bill Date | Full call number | Accession Number | Price effective from | Koha item type |
|---|---|---|---|---|---|---|---|---|---|---|---|
| NASSDOC Library | NASSDOC Library | 08/10/2004 | 2004-10-22 | RR.0083 | 15019 | 18/04/2019 | Research Reports |
